000 00591nam a22001817a 4500
005 20251108164258.0
008 250721s1997 xx 000 0 ara d
082 1 4 _a796.068/حسن
100 1 _aالشافعي، حسن أحمد
245 1 0 _aالمسؤولية في المنافسات الرياضية :
_bالمحلية و الدولية /
264 1 _aالإسكندريه :
_bمنشأة المعارف،
_c1997.
300 _a401ص
650 1 7 _aالإدارة
650 1 7 _aالألعاب الرياضيه
650 1 7 _aشغب الملاعب
942 _2ddc
_cBK
999 _c8180
_d8180